| 000 | 00482nam a22001697a 4500 | ||
|---|---|---|---|
| 999 |
_c187451 _d187451 |
||
| 005 | 20220420110605.0 | ||
| 010 | _aENG-132335 | ||
| 020 |
_a9789352921423 _c115.00 |
||
| 035 | _aEN-115867 | ||
| 037 | _bDBAD/PUB | ||
| 082 | _a621.31 | ||
| 245 | _aCable Jointer Electrical Power System Textbook For Class XI/ | ||
| 260 |
_aDelhi _bNCERT _c2019 |
||
| 270 |
_aSri Aurobindo Marg _bNew Delhi _e110016 |
||
| 300 |
_a102p. _c28cm(pbk) |
||
| 942 |
_2ddc _cEN _h621.31 _mCAB |
||